Barnyard chickens (Record no. 407672)
[ view plain ]
| 000 -LEADER | |
|---|---|
| fixed length control field | 00493crm a2200193 i 4500 |
| 005 - DATE AND TIME OF LATEST TRANSACTION | |
| control field | 20250506114357.0 |
| 008 - FIXED-LENGTH DATA ELEMENTS--GENERAL INFORMATION | |
| fixed length control field | 250506b |||||||| |||| 00| 0 eng d |
| 040 ## - CATALOGING SOURCE | |
| Description conventions | rda |
| 092 ## - LOCALLY ASSIGNED DEWEY CALL NUMBER (OCLC) | |
| Item number | Puzzles |
| 245 ## - TITLE STATEMENT | |
| Title | Barnyard chickens |
| 264 ## - Production, Publication, Distribution, Manufacture, and Copyright Notice. | |
| Place of production, publication, distribution, manufacture | SunsOut |
| Name of producer, publisher, distributor, manufacturer | Lori Schory |
| Date of production, publication, distribution, manufacture, or copyr | 2014 |
| 300 ## - PHYSICAL DESCRIPTION | |
| Extent | 500 pieces |
| Other physical details | 18 x 24 inches |
| 520 ## - SUMMARY, ETC. | |
| Summary, etc | If out of season please request from staff |
| 521 ## - TARGET AUDIENCE NOTE | |
| Target audience note | Family |
| 942 ## - ADDED ENTRY ELEMENTS (KOHA) | |
| Source of classification or shelving scheme | Dewey Decimal Classification |
| Koha item type | Puzzles |
| Withdrawn status | Lost status | Source of classification or shelving scheme | Damaged status | Not for loan | Collection code | Home library | Current library | Shelving location | Date acquired | Total Checkouts | Full call number | Barcode | Date last seen | Date checked out | Price effective from | Koha item type | Public note |
|---|---|---|---|---|---|---|---|---|---|---|---|---|---|---|---|---|---|
| Dewey Decimal Classification | Seasonal Puzzles | Wasatch County Library | Wasatch County Library | Main Floor Magazine Area | 05/06/2025 | 1 | Puzzles Seasonal Barnyard Chickens | 34301002009209 | 11/19/2025 | 11/07/2025 | 05/06/2025 | Puzzles | If out of season please request from staff |
